000 00753nam a22002054a 4500
005 20100909115720.0
020 _a9781845379018
_c£ 9.75
037 _bAbilash Book Centre
082 0 0 _a796.352
100 _aWhales, Chris
_919103
245 1 0 _aTop gole courses of the world /
_cby Chris Whales [and] Duncan Chruickshank
250 _a2nd ed.
260 _bNew Holland Publishers
_c2007
_aLondon
270 _a86 Edgware Road,
_bLondon
300 _a160p.
_bphotos
_c30cm(Hb)
700 _aChruickshank, Duncan
_919104
942 _2ddc
_cEN
_h796.352
_mWHA
999 _c44706
_d44706